[Event "Vellmar op 8th"]
[Site "Vellmar"]
[Date "2016.07.30"]
[Round "4"]
[White "Wiege, Andre"]
[Black "Meijers, Viesturs"]
[Result "0-1"]
[WhiteElo "2085"]
[BlackElo "2446"]
[PlyCount "90"]
[EventDate "2016.07.28"]
[EventType "swiss"]
[EventRounds "7"]
[EventCountry "GER"]
[SourceTitle "CBM 173 Extra"]
[Source "ChessBase"]
[SourceDate "2016.08.29"]
[SourceVersion "1"]
[SourceVersionDate "2016.08.29"]
[SourceQuality "1"]

1. e4 c5 2. Nf3 e6 3. d4 cxd4 4. Nxd4 a6 5. Nc3 b5 6. Bd3 Bb7 7. 0-0 b4 8. Nce2 Nf6 9. Ng3 h5 10. Re1 h4 11. Nf1 h3 12. g3 Be7 13. e5 Nd5 14. Qg4 Kf8 15. Ne3 Nxe3 16. Bxe3 Qc7 17. Bd2 Nc6 18. Nxc6 Qxc6 19. Be4 Qb6 20. Bxb7 Qxb7 21. Qe4 Rb8 22. Qxb7 Rxb7 23. Re4 f5 24. Rc4 Kf7 25. Rd1 Rhb8 26. Kf1 Rb5 27. Be3 R8b7 28. Bd4 Ra5 29. Ra1 Rd5 30. Ke2 d6 31. exd6 Bxd6 32. Rd1 Be7 33. f4 Rbd7 34. c3 bxc3 35. bxc3 Rb5 36. Ra4 Rb2+ 37. Rd2 Rdb7 38. Be3 Rxd2+ 39. Bxd2 Rb1 40. Be1 Rb2+ 41. Bd2 Bc5 42. Rxa6 Bg1 43. Rd6 Bxh2 44. Kf3 Bg1 45. Rd3 Rxa2 0-1

[Event "Werther Schloss op 22nd"]
[Site "Werther"]
[Date "2016.03.19"]
[Round "4"]
[White "Wiege, Andre"]
[Black "Olsen, Filip Boe"]
[Result "1-0"]
[WhiteElo "2085"]
[BlackElo "2192"]
[PlyCount "117"]
[EventDate "2016.03.17"]
[EventType "swiss"]
[EventRounds "7"]
[EventCountry "GER"]
[SourceTitle "CBM 171 Extra"]
[Source "ChessBase"]
[SourceDate "2016.04.26"]
[SourceVersion "1"]
[SourceVersionDate "2016.04.26"]
[SourceQuality "1"]

1. e4 c6 2. d4 d5 3. f3 e6 4. Nc3 Bb4 5. Qd3 b6 6. Nge2 Ba6 7. Qe3 Nf6 8. Bd2 0-0 9. 0-0-0 Nbd7 10. g4 Qe7 11. a3 Bxc3 12. Nxc3 Bb7 13. Be2 dxe4 14. fxe4 e5 15. g5 Ne8 16. d5 f5 17. gxf6 Nexf6 18. dxc6 Bxc6 19. Bc4+ Kh8 20. Nd5 Bxd5 21. Bb4 Qf7 22. Bxd5 Nxd5 23. Rxd5 Rfc8 24. Kb1 Nf6 25. Qf3 Qe8 26. Rd6 Rc6 27. Rhd1 Rac8 28. Bc3 Rxd6 29. Rxd6 Qe7 30. Bb4 a5 31. Rc6 Qd7 32. Rxc8+ Qxc8 33. Bc3 Qe6 34. Qd3 Nd7 35. b4 axb4 36. axb4 h6 37. Kb2 Kh7 38. Qd5 Qxd5 39. exd5 Kg6 40. Kb3 Kf5 41. Be1 e4 42. Kc4 e3 43. Kd4 b5 44. Kxe3 Ke5 45. Bc3+ Kxd5 46. Bxg7 h5 47. Kf4 Kc4 48. Kg5 Kxb4 49. Kxh5 Kc4 50. Kg6 Nc5 51. Kf5 Kd5 52. h4 Ne6 53. Be5 Nf8 54. h5 b4 55. h6 Nh7 56. Bg7 Kd6 57. Kg6 Ke6 58. Kxh7 Kf7 59. Bd4 1-0

[Event "Werther Schloss op 22nd"]
[Site "Werther"]
[Date "2016.03.18"]
[Round "3"]
[White "Boe, Mads"]
[Black "Wiege, Andre"]
[Result "1/2-1/2"]
[WhiteElo "2310"]
[BlackElo "2085"]
[PlyCount "122"]
[EventDate "2016.03.17"]
[EventType "swiss"]
[EventRounds "7"]
[EventCountry "GER"]
[SourceTitle "CBM 171 Extra"]
[Source "ChessBase"]
[SourceDate "2016.04.26"]
[SourceVersion "1"]
[SourceVersionDate "2016.04.26"]
[SourceQuality "1"]

1. e4 c5 2. c3 Nf6 3. e5 Nd5 4. d4 cxd4 5. Nf3 Nc6 6. cxd4 d6 7. Nc3 dxe5 8. dxe5 Nxc3 9. Qxd8+ Nxd8 10. bxc3 Bd7 11. Be3 Nc6 12. Bd3 h6 13. Be4 g5 14. Rb1 Rb8 15. e6 fxe6 16. 0-0 Bg7 17. Rfd1 b6 18. c4 Ne5 19. c5 Ba4 20. Rdc1 Kf7 21. cxb6 axb6 22. Bxb6 Rhc8 23. Rxc8 Rxc8 24. Nxe5+ Bxe5 25. Be3 Rc3 26. h4 gxh4 27. Rb4 Bd1 28. Bd4 Bxd4 29. Rxd4 Rc1 30. Kh2 Kf6 31. Bd3 Kg5 32. f3 Ra1 33. Rg4+ Kf6 34. Rxh4 Rxa2 35. Rxh6+ Kg7 36. Rh7+ Kf6 37. Kg3 Ra5 38. Rh6+ Kf7 39. Bc4 Re5 40. Kf4 Rf5+ 41. Ke3 Rf6 42. Rh1 Ba4 43. f4 Rg6 44. Kf2 Bc6 45. Rh7+ Kf6 46. g3 Be4 47. Rh8 Bf5 48. Be2 Bg4 49. Bd3 Rg7 50. Be4 Bf5 51. Bf3 Rh7 52. Rg8 Kf7 53. Rg5 Rg7 54. Bh5+ Kf6 55. Rxg7 Kxg7 56. Ke3 Kf6 57. Kd4 Bc2 58. Bf3 Kf5 59. Be2 Bb1 60. Ke3 e5 61. fxe5 Kxe5 1/2-1/2

[Event "Werther Schloss op 22nd"]
[Site "Werther"]
[Date "2016.03.17"]
[Round "1"]
[White "Wiege, Andre"]
[Black "Schroeder, Kevin"]
[Result "0-1"]
[WhiteElo "2085"]
[BlackElo "2319"]
[PlyCount "86"]
[EventDate "2016.03.17"]
[EventType "swiss"]
[EventRounds "7"]
[EventCountry "GER"]
[SourceTitle "CBM 171 Extra"]
[Source "ChessBase"]
[SourceDate "2016.04.26"]
[SourceVersion "1"]
[SourceVersionDate "2016.04.26"]
[SourceQuality "1"]

1. e4 e5 2. Nc3 Nc6 3. g3 Nf6 4. Bg2 Bc5 5. Nf3 0-0 6. d3 d6 7. 0-0 a6 8. Be3 Bxe3 9. fxe3 Ne7 10. Nh4 c6 11. Qd2 b5 12. d4 c5 13. Nf5 Nxf5 14. exf5 Rb8 15. Rad1 cxd4 16. exd4 Qb6 17. Kh1 Bb7 18. Rfe1 b4 19. Ne4 Bxe4 20. Bxe4 Rfe8 21. dxe5 Rxe5 22. Bd3 Ng4 23. Rxe5 dxe5 24. Re1 Qd4 25. Qe2 a5 26. Kg2 Re8 27. b3 h5 28. Bc4 e4 29. h3 Nf6 30. Rd1 Qc5 31. g4 hxg4 32. hxg4 Nh7 33. Rd7 Ng5 34. Rd5 Qc7 35. Rd1 Nf3 36. Rh1 Rd8 37. Qxe4 Ng5 38. Qe3 Qc6+ 39. Kh2 Rd2+ 40. Be2 Rxc2 41. Qd3 Qc7+ 42. Kg2 Rc3 43. Qd2 Qc6+ 0-1

[Event "Niedersachsen-ch op-A"]
[Site "Verden"]
[Date "2015.01.04"]
[Round "5"]
[White "Wiege, Andre"]
[Black "Langer, Michael Sebastian"]
[Result "0-1"]
[WhiteElo "2091"]
[BlackElo "1964"]
[PlyCount "38"]
[EventDate "2015.01.02"]
[EventType "swiss"]
[EventRounds "7"]
[EventCountry "GER"]
[SourceTitle "EXT 2018"]
[Source "ChessBase"]
[SourceDate "2017.10.13"]
[SourceVersion "1"]
[SourceVersionDate "2017.10.13"]
[SourceQuality "1"]

1. e4 c6 2. d4 d5 3. e5 Bf5 4. h4 h5 5. c4 e6 6. Nc3 Ne7 7. Bg5 Qb6 8. Qd2 dxc4 9. Bxc4 Nd5 10. Nge2 Nd7 11. Ng3 Bg6 12. a3 f6 13. exf6 gxf6 14. Be3 0-0-0 15. Na4 Qc7 16. Bxd5 exd5 17. Rc1 Re8 18. Nc3 Rxe3+ 19. Qxe3 Bh6 0-1

[Event "Hannover Ihme Cup"]
[Site "Hannover"]
[Date "2014.05.09"]
[Round "1"]
[White "Wiege, Andre"]
[Black "Braun, Alexander"]
[Result "1-0"]
[WhiteElo "2089"]
[BlackElo "1764"]
[PlyCount "127"]
[EventDate "2014.05.09"]
[EventType "swiss"]
[EventRounds "5"]
[EventCountry "GER"]
[SourceTitle "EXT 2021"]
[Source "ChessBase"]
[SourceDate "2020.10.23"]
[SourceVersion "1"]
[SourceVersionDate "2020.10.23"]
[SourceQuality "1"]

1. e4 d5 2. exd5 Nf6 3. c4 c6 4. d4 cxd5 5. Nc3 e6 6. Nf3 Be7 7. Bf4 a6 8. Rc1 0-0 9. Be2 Bd7 10. cxd5 exd5 11. Qb3 Bc6 12. 0-0 Nbd7 13. Rfe1 Nh5 14. Be3 Nhf6 15. Bd3 Bd6 16. Bg5 Qb6 17. Qxb6 Nxb6 18. Bxf6 gxf6 19. Nh4 Rfe8 20. Nf5 Bf8 21. Ne2 Nc4 22. b3 Nb2 23. Bb1 Bb5 24. Nf4 Bb4 25. Rxe8+ Rxe8 26. Nxd5 Re1+ 27. Rxe1 Bxe1 28. Nxf6+ Kh8 29. Ne4 Nd1 30. Bc2 Nc3 31. Nxc3 Bxc3 32. d5 Bd7 33. Nd6 Kg7 34. Nc4 Bd4 35. Ne3 b5 36. Kf1 f5 37. g3 Kf6 38. Bd1 Ke5 39. Bf3 Bc8 40. Ke2 h6 41. Bg2 f4 42. gxf4+ Kxf4 43. Kd3 Bc5 44. Be4 Ke5 45. f3 Bd7 46. Ng2 Bh3 47. f4+ Kf6 48. Ne3 Bc8 49. Bh7 h5 50. Ke4 a5 51. Nc2 Bg1 52. Nd4 Bd7 53. Nf3 Bb6 54. Ne5 Be8 55. Bf5 Ke7 56. Bg6 Bd7 57. Bxh5 Bh3 58. Bf3 Kf6 59. d6 Bf5+ 60. Kd5 Be6+ 61. Kc6 Be3 62. Bg4 Bf7 63. d7 Ke7 64. Nxf7 1-0

[Event "Hannover Ihme Cup"]
[Site "Hannover"]
[Date "2013.05.05"]
[Round "4"]
[White "Wiege, Andre"]
[Black "Sommer, Marco"]
[Result "1-0"]
[WhiteElo "2083"]
[BlackElo "1829"]
[PlyCount "59"]
[EventDate "2013.05.03"]
[EventType "swiss"]
[EventRounds "5"]
[EventCountry "GER"]
[SourceTitle "EXT 2021"]
[Source "ChessBase"]
[SourceDate "2020.10.23"]
[SourceVersion "1"]
[SourceVersionDate "2020.10.23"]
[SourceQuality "1"]

1. e4 e5 2. Nc3 Bc5 3. Bc4 f5 4. d3 d6 5. Nf3 c6 6. Ng5 f4 7. Nf7 Qh4 8. g3 Qh3 9. Nxh8 Qg2 10. d4 Bxd4 11. Rf1 Bh3 12. Qd3 Qxh2 13. Bxg8 Bxf1 14. Qxf1 fxg3 15. fxg3 Qxg3+ 16. Kd1 Qg4+ 17. Qe2 Qg1+ 18. Kd2 Nd7 19. Nf7 Ke7 20. Bxh7 Kxf7 21. Qf3+ Nf6 22. Ne2 Qh2 23. Bf5 Rh8 24. c3 Bb6 25. Kd3 g6 26. Bg4 Kg7 27. Bg5 Nxg4 28. Qxg4 Rh3+ 29. Kc4 d5+ 30. Kb3 1-0

[Event "Hannover Ihme Cup"]
[Site "Hannover"]
[Date "2013.05.04"]
[Round "2"]
[White "Wiege, Andre"]
[Black "Buse, Detlef"]
[Result "0-1"]
[WhiteElo "2083"]
[BlackElo "1883"]
[PlyCount "73"]
[EventDate "2013.05.03"]
[EventType "swiss"]
[EventRounds "5"]
[EventCountry "GER"]
[SourceTitle "EXT 2021"]
[Source "ChessBase"]
[SourceDate "2020.10.23"]
[SourceVersion "1"]
[SourceVersionDate "2020.10.23"]
[SourceQuality "1"]

1. e4 e5 2. Nf3 Nc6 3. Bc4 Bc5 4. 0-0 Nf6 5. d3 0-0 6. Bg5 h6 7. Be3 Bxe3 8. fxe3 d5 9. exd5 Nxd5 10. Qe2 Bg4 11. Qf2 Qd7 12. Nbd2 Nf6 13. Qg3 Rae8 14. Nh4 Nh5 15. Qf2 Be6 16. Ne4 Bxc4 17. dxc4 Qe6 18. b3 g6 19. Qe2 f5 20. Nc5 Qf7 21. Rad1 Rd8 22. Nxb7 Rxd1 23. Qxd1 Nf6 24. Nc5 Kh7 25. Nd3 Qe7 26. Qe1 Ng4 27. Qg3 Qg5 28. e4 Nf6 29. exf5 Qxg3 30. hxg3 g5 31. Ng6 Re8 32. Nc5 Nd4 33. Re1 e4 34. g4 Nxg4 35. Rxe4 Ne2+ 36. Rxe2 Rxe2 37. Kf1 0-1

[Event "Lingen op 4th"]
[Site "Lingen"]
[Date "2012.07.21"]
[Round "3"]
[White "Wiege, Andre"]
[Black "Tunka, Josef"]
[Result "1/2-1/2"]
[WhiteElo "2123"]
[BlackElo "1867"]
[PlyCount "83"]
[EventDate "2012.07.20"]
[EventType "swiss"]
[EventRounds "5"]
[EventCountry "GER"]
[SourceTitle "EXT 2013"]
[Source "ChessBase"]
[SourceDate "2012.11.22"]
[SourceVersion "1"]
[SourceVersionDate "2012.11.22"]
[SourceQuality "1"]

1. e4 e5 2. d4 exd4 3. Qxd4 Nc6 4. Qe3 d6 5. Nc3 Be6 6. f4 Nf6 7. Bd3 Qe7 8. Nf3 h6 9. 0-0 a6 10. a3 Ng4 11. Qe2 Nf6 12. b4 g6 13. Bb2 Bg7 14. Rae1 0-0 15. Qf2 Qd7 16. Qh4 Nh7 17. e5 Qd8 18. exd6 cxd6 19. Bxg6 Bc4 20. Bxh7+ Kxh7 21. Ng5+ Kg8 22. Rf3 hxg5 23. fxg5 Re8 24. Rxe8+ Qxe8 25. Ne4 Ne5 26. Rg3 Qe6 27. h3 Qg6 28. Nf6+ Kf8 29. Nh5 Rc8 30. Nxg7 Kxg7 31. Qf4 Be6 32. h4 Rxc2 33. h5 Qf5 34. Qd4 Rc6 35. g6 f6 36. Qe3 Qxh5 37. Qe4 Qd1+ 38. Kh2 Rc8 39. Qxb7+ Bd7 40. Qxa6 Qh5+ 41. Kg1 Qd1+ 42. Qf1 1/2-1/2

[Event "Braunschweig Oker Cup"]
[Site "Braunschweig"]
[Date "2011.12.02"]
[Round "1"]
[White "Wiege, Andre"]
[Black "Ansmann, Willi"]
[Result "1-0"]
[WhiteElo "2120"]
[BlackElo "1553"]
[PlyCount "121"]
[EventDate "2011.12.02"]
[EventType "swiss"]
[EventRounds "5"]
[EventCountry "GER"]
[SourceTitle "EXT 2013"]
[Source "ChessBase"]
[SourceDate "2012.11.22"]
[SourceVersion "1"]
[SourceVersionDate "2012.11.22"]
[SourceQuality "1"]

1. e4 e5 2. Nf3 Nc6 3. Bc4 Be7 4. 0-0 Nf6 5. d3 d6 6. c3 0-0 7. Nbd2 d5 8. Bb5 Bg4 9. Qc2 Bd6 10. Re1 Re8 11. h3 Bd7 12. Nf1 Nb4 13. cxb4 Bxb5 14. Bd2 a6 15. Ne3 Bc6 16. Nf5 Qd7 17. N3h4 Re6 18. Re3 Nh5 19. Qd1 Nf4 20. Qg4 Ng6 21. Rg3 Be7 22. Nf3 Bf6 23. h4 dxe4 24. dxe4 Nf4 25. Bxf4 exf4 26. Qxf4 Rxe4 27. Nh6+ Kf8 28. Qf5 Qxf5 29. Nxf5 Rf4 30. Ne3 Bxb2 31. Rb1 Bf6 32. Ng5 h6 33. Nh7+ Kg8 34. Nxf6+ Rxf6 35. Ng4 Rd6 36. h5 Rd5 37. Nf6+ Kf8 38. Nxd5 Bxd5 39. a3 c6 40. Rd1 Re8 41. Rd4 Re5 42. Rdg4 Re1+ 43. Kh2 Re5 44. Rxg7 Rxh5+ 45. Kg1 Be4 46. Rg8+ Ke7 47. Re3 f5 48. f3 Kf7 49. Rb8 Bd5 50. Rxb7+ Kf6 51. Rb6 f4 52. Re8 Rg5 53. Kf2 Kf7 54. Rd8 Ke7 55. Rh8 Rg6 56. Rxa6 Re6 57. Rh7+ Kd6 58. b5 Kc5 59. b6 Kb5 60. b7 c5 61. b8Q+ 1-0

[Event "GER CupT qual"]
[Site "Germany"]
[Date "2010.01.16"]
[Round "1"]
[White "Foermes, Alexander"]
[Black "Wiege, Andre"]
[Result "1-0"]
[WhiteElo "2086"]
[BlackElo "2099"]
[PlyCount "63"]
[EventDate "2010.01.16"]
[EventType "team-k.o."]
[EventRounds "1"]
[EventCountry "GER"]
[SourceTitle "CBM 134 Extra"]
[Source "ChessBase"]
[SourceDate "2010.03.03"]
[SourceVersion "1"]
[SourceVersionDate "2010.03.03"]
[SourceQuality "1"]

1. Nf3 Nf6 2. c4 d6 3. d4 Nbd7 4. Nc3 e5 5. e4 exd4 6. Nxd4 g6 7. Be2 Bg7 8. 0-0 0-0 9. Be3 Re8 10. f3 Nf8 11. Qd2 Ne6 12. Nc2 Nh5 13. Rad1 a6 14. Rfe1 Be5 15. Bf2 Nhf4 16. Bf1 g5 17. g3 Ng6 18. Bg2 h5 19. Ne3 Bd7 20. Nf5 b6 21. Ne2 Qf6 22. b3 Rad8 23. Ne3 Qg7 24. Nd5 Bc6 25. Be3 Ngf8 26. f4 Bf6 27. Nxf6+ Qxf6 28. f5 Nc5 29. Bxg5 Qg7 30. Bxd8 Rxd8 31. Nf4 h4 32. Nh5 1-0

[Event "Rhein Main op 09th"]
[Site "Bad Homburg"]
[Date "2006.06.16"]
[Round "4.16"]
[White "Wiege, Andre"]
[Black "Reyher, Werner"]
[Result "1-0"]
[WhiteElo "2083"]
[BlackElo "1834"]
[PlyCount "83"]
[EventDate "2006.06.14"]
[EventType "swiss"]
[EventRounds "7"]
[EventCountry "GER"]
[SourceTitle "EXT 2007"]
[Source "ChessBase"]
[SourceDate "2006.11.23"]
[SourceVersion "1"]
[SourceVersionDate "2006.11.23"]
[SourceQuality "1"]

1. e4 e5 2. Nf3 Nc6 3. Bc4 Bc5 4. c3 Nf6 5. d3 d6 6. 0-0 0-0 7. Bg5 Qe7 8. Nbd2 Na5 9. Bb5 a6 10. Ba4 b5 11. Bc2 Bb6 12. h3 c5 13. Re1 Nc6 14. Nf1 h6 15. Be3 d5 16. exd5 Nxd5 17. d4 Rd8 18. N1d2 c4 19. Qb1 Be6 20. a4 Nxe3 21. fxe3 Rab8 22. axb5 axb5 23. Nf1 Qf6 24. Ng3 Bd5 25. Rf1 Qd6 26. Nf5 Qf8 27. Kh1 g6 28. Ng3 exd4 29. exd4 Bc7 30. Ne4 Bxe4 31. Bxe4 Ne7 32. Ra7 Bg3 33. Nd2 f5 34. Bc2 h5 35. Ne4 Bh4 36. Qc1 Rb6 37. Nc5 Ra8 38. Nd7 Rxa7 39. Nxf8 Kxf8 40. Qh6+ Kg8 41. Bxf5 Rf6 42. Be6+ 1-0

[Event "Harburg-chC 3rd"]
[Site "Hamburg"]
[Date "2005.06.26"]
[Round "4"]
[White "Hubschmid, Stefan"]
[Black "Wiege, Andre"]
[Result "0-1"]
[WhiteElo "2059"]
[BlackElo "2090"]
[PlyCount "66"]
[EventDate "2005.06.??"]
[EventType "tourn"]
[EventRounds "5"]
[EventCountry "GER"]
[SourceTitle "EXT 2006"]
[Source "ChessBase"]
[SourceDate "2005.11.24"]
[SourceVersion "1"]
[SourceVersionDate "2005.11.24"]
[SourceQuality "1"]

1. e4 e5 2. Nf3 d6 3. Bc4 Nd7 4. 0-0 Be7 5. c3 Ngf6 6. Re1 0-0 7. Bb3 c6 8. d4 Qc7 9. Nbd2 b5 10. Nf1 c5 11. Ng3 Nb6 12. h3 a5 13. Bc2 a4 14. Nf5 Bxf5 15. exf5 exd4 16. cxd4 Rfe8 17. Bg5 Nbd5 18. Rc1 a3 19. Rb1 c4 20. Be4 Nxe4 21. Rxe4 Bxg5 22. Rxe8+ Rxe8 23. Nxg5 h6 24. Nf3 c3 25. bxc3 Nxc3 26. Qb3 Nxb1 27. Qxb1 Qc4 28. f6 g6 29. Nh4 Qxd4 30. Qxb5 Re1+ 31. Kh2 Qf4+ 32. g3 Qxf2+ 33. Ng2 Qg1# 0-1

[Event "Harburg-chC 3rd"]
[Site "Hamburg"]
[Date "2005.06.25"]
[Round "2"]
[White "Wiege, Andre"]
[Black "Sechting, Martin"]
[Result "1/2-1/2"]
[WhiteElo "2090"]
[BlackElo "2098"]
[PlyCount "94"]
[EventDate "2005.06.??"]
[EventType "tourn"]
[EventRounds "5"]
[EventCountry "GER"]
[SourceTitle "EXT 2006"]
[Source "ChessBase"]
[SourceDate "2005.11.24"]
[SourceVersion "1"]
[SourceVersionDate "2005.11.24"]
[SourceQuality "1"]

1. e4 c5 2. Nf3 a6 3. c3 e6 4. d3 d6 5. Nbd2 Be7 6. g3 b5 7. Bg2 Bb7 8. 0-0 Nd7 9. Qe2 Ngf6 10. Ng5 h6 11. Nh3 Qb6 12. Kh1 g5 13. a4 g4 14. Nf4 e5 15. Nd5 Nxd5 16. exd5 0-0-0 17. axb5 axb5 18. Qxg4 Kc7 19. c4 Nf6 20. Qe2 Ra8 21. Rxa8 Rxa8 22. Ne4 bxc4 23. dxc4 Nxe4 24. Bxe4 Ra1 25. Kg2 Qb3 26. Bxh6 Rxf1 27. Kxf1 Ba6 28. Bd3 f5 29. f3 Bf6 30. Kg2 e4 31. fxe4 fxe4 32. Qxe4 Qxb2+ 33. Qe2 Qd4 34. Bf4 Bc8 35. Qd2 Qa1 36. h3 Bd4 37. Be3 Bc3 38. Qf2 Qd1 39. Be2 Qc2 40. Bf1 Qe4+ 41. Kh2 Be5 42. Qd2 Qf3 43. Qf2 Bxg3+ 44. Qxg3 Qxf1 45. Bxc5 Qe2+ 46. Kg1 Qd1+ 47. Kh2 Qc2+ 1/2-1/2

[Event "Harburg-chC 3rd"]
[Site "Hamburg"]
[Date "2005.06.24"]
[Round "1"]
[White "Schmidt Brauns, Rainer"]
[Black "Wiege, Andre"]
[Result "1/2-1/2"]
[WhiteElo "2069"]
[BlackElo "2090"]
[PlyCount "58"]
[EventDate "2005.06.??"]
[EventType "tourn"]
[EventRounds "5"]
[EventCountry "GER"]
[SourceTitle "EXT 2006"]
[Source "ChessBase"]
[SourceDate "2005.11.24"]
[SourceVersion "1"]
[SourceVersionDate "2005.11.24"]
[SourceQuality "1"]

1. d4 Nf6 2. c4 e5 3. dxe5 Ng4 4. Nf3 Bc5 5. e3 Nc6 6. Bd2 0-0 7. Bc3 Qe7 8. Be2 Ncxe5 9. Nxe5 Nxe5 10. Nd2 a5 11. 0-0 d6 12. Nf3 Re8 13. Nd4 Qh4 14. b3 Ng4 15. Nf3 Qh6 16. Bd4 b6 17. Bxc5 bxc5 18. Qd5 Ra6 19. h3 Ne5 20. Nxe5 Rxe5 21. Qf3 Rf5 22. Qe4 Re5 23. Qf3 Rf5 24. Qe4 Qe6 25. Qh4 g5 26. Qh5 Re5 27. Bg4 Qe8 28. Bxc8 Qxc8 29. Qf3 Rb6 1/2-1/2

[Event "Berlin Kreuzberg op 5th"]
[Site "Berlin"]
[Date "2004.07.04"]
[Round "9"]
[White "Mattick, Lutz"]
[Black "Wiege, Andre"]
[Result "1/2-1/2"]
[WhiteElo "2289"]
[BlackElo "2117"]
[PlyCount "80"]
[EventDate "2004.06.26"]
[EventType "swiss"]
[EventRounds "9"]
[EventCountry "GER"]
[SourceTitle "EXT 2022"]
[Source "ChessBase"]
[SourceDate "2021.10.06"]
[SourceVersion "1"]
[SourceVersionDate "2021.10.06"]
[SourceQuality "1"]

1. d4 Nf6 2. Nf3 d6 3. c4 Nbd7 4. Nc3 e5 5. e4 exd4 6. Nxd4 Nc5 7. f3 a5 8. Be2 Be7 9. 0-0 c6 10. Be3 0-0 11. Qc2 Re8 12. Rad1 Qc7 13. Rfe1 Be6 14. Nxe6 fxe6 15. f4 Ncd7 16. c5 Nxc5 17. Bxc5 dxc5 18. Bc4 Qxf4 19. Bxe6+ Kh8 20. e5 Ng8 21. Bxg8 Kxg8 22. Re4 Qf7 23. Rd7 c4 24. Qd1 b5 25. e6 Qf5 26. Qe2 Rad8 27. g3 Rxd7 28. exd7 Qxd7 29. Kg2 Kf8 30. Qh5 b4 31. Qxh7 bxc3 32. Rf4+ Bf6 33. Rxf6+ gxf6 34. Qxd7 cxb2 35. Qf5 Kf7 36. Qh5+ Kf8 37. Qf5 Kf7 38. Qh7+ Kf8 39. Qf5 Kf7 40. Qh7+ Kf8 1/2-1/2

[Event "Wilhelm Werner Memorial-M 29th"]
[Site "Bockenem"]
[Date "2004.05.22"]
[Round "6"]
[White "Werner, Bernd Michael"]
[Black "Wiege, Andre"]
[Result "0-1"]
[WhiteElo "2047"]
[BlackElo "2026"]
[PlyCount "94"]
[EventDate "2004.05.??"]
[EventType "tourn"]
[EventRounds "7"]
[EventCountry "GER"]
[SourceTitle "EXT 2008"]
[Source "ChessBase"]
[SourceDate "2007.11.25"]
[SourceVersion "1"]
[SourceVersionDate "2007.11.25"]
[SourceQuality "1"]

1. e4 e5 2. Nf3 d6 3. d4 Nd7 4. Bc4 c6 5. 0-0 Qc7 6. Nc3 Be7 7. a4 Ngf6 8. h3 0-0 9. dxe5 dxe5 10. Qe2 Nc5 11. Be3 Ncxe4 12. Nxe4 Nxe4 13. Bxa7 Nd6 14. Bc5 Nxc4 15. Bxe7 Qxe7 16. Qxc4 h6 17. Qe2 f6 18. c3 Qf7 19. Nd2 Qg6 20. Qe4 Bf5 21. Qh4 Rfd8 22. Nc4 Rd3 23. Kh2 Rad8 24. Ne3 Be4 25. Qg4 Qxg4 26. hxg4 Rd2 27. Nc4 R2d3 28. a5 Ra8 29. Kg1 Kf7 30. g5 Ke6 31. gxf6 gxf6 32. Rfe1 Bd5 33. Nb6 Rg8 34. Nxd5 cxd5 35. a6 bxa6 36. Rxa6+ Kf5 37. Rc6 h5 38. Ra1 Rg4 39. Kf1 Rd2 40. Raa6 Rxb2 41. Rxf6+ Ke4 42. f3+ Ke3 43. Ra1 Rf2+ 44. Kg1 Rgxg2+ 45. Kh1 Rh2+ 46. Kg1 Rfg2+ 47. Kf1 Rg5 0-1

[Event "Wilhelm Werner Memorial-M 29th"]
[Site "Bockenem"]
[Date "2004.05.20"]
[Round "2"]
[White "Kaiser, Gerhard"]
[Black "Wiege, Andre"]
[Result "1-0"]
[WhiteElo "2006"]
[BlackElo "2026"]
[PlyCount "81"]
[EventDate "2004.05.??"]
[EventType "tourn"]
[EventRounds "7"]
[EventCountry "GER"]
[SourceTitle "EXT 2008"]
[Source "ChessBase"]
[SourceDate "2007.11.25"]
[SourceVersion "1"]
[SourceVersionDate "2007.11.25"]
[SourceQuality "1"]

1. e4 e5 2. Nf3 d6 3. d4 Nd7 4. c3 c6 5. Bd3 Qc7 6. 0-0 Ngf6 7. h3 Be7 8. Be3 0-0 9. Qc2 Re8 10. Nbd2 Nf8 11. dxe5 dxe5 12. Rad1 Ng6 13. Rfe1 Nh5 14. Nf1 Nhf4 15. Bc4 Be6 16. Bxe6 Nxe6 17. g3 Nc5 18. Rd2 Qc8 19. Kg2 Qe6 20. b3 b5 21. Red1 Nf8 22. Bxc5 Bxc5 23. Qd3 g6 24. Ne3 Be7 25. c4 a6 26. Qc3 f6 27. c5 a5 28. Ne1 Ra7 29. Nd3 Nd7 30. a3 f5 31. exf5 gxf5 32. b4 axb4 33. axb4 Rea8 34. Nc2 Qd5+ 35. f3 Qe6 36. Nf2 Nf6 37. Re2 Nd7 38. g4 fxg4 39. Nxg4 Bf6 40. Rd6 Qf5 41. Nh6+ 1-0

[Event "Nord West Cup 05th"]
[Site "Bad Zwischenahn"]
[Date "2003.??.??"]
[Round "6"]
[White "Paust, Wolf Dieter"]
[Black "Wiege, Andre"]
[Result "0-1"]
[WhiteElo "2107"]
[BlackElo "1977"]
[PlyCount "78"]
[EventDate "2003.02.??"]
[EventType "swiss"]
[EventRounds "7"]
[EventCountry "GER"]
[SourceTitle "EXT 2004"]
[Source "ChessBase"]
[SourceDate "2003.11.25"]
[SourceVersion "1"]
[SourceVersionDate "2003.11.25"]
[SourceQuality "1"]

1. e4 e5 2. Nf3 d6 3. d4 Nd7 4. Nc3 c6 5. a4 Ngf6 6. Bc4 Be7 7. 0-0 0-0 8. Re1 Qc7 9. Bg5 Re8 10. Bh4 Nb6 11. Bb3 Bg4 12. dxe5 dxe5 13. a5 Nbd7 14. h3 Bh5 15. g4 Bg6 16. Bg3 Bb4 17. Nxe5 Nxe5 18. Ra4 Bxa5 19. f4 Nexg4 20. hxg4 Bxc3 21. bxc3 Nxe4 22. Qf3 Nxg3 23. Qxg3 b5 24. Raa1 Be4 25. Rad1 a5 26. Rd4 Bg6 27. Red1 a4 28. Ba2 Bxc2 29. R1d2 Bb3 30. Bb1 Qe7 31. Be4 c5 32. Bxa8 cxd4 33. Bc6 Rc8 34. Bxb5 dxc3 35. Re2 Qc5+ 36. Qe3 Qxb5 37. Rh2 Qc5 38. Qxc5 Rxc5 39. Re2 Rc8 0-1

[Event "Wilhelm Werner Memorial-H 27th"]
[Site "Bockenem"]
[Date "2002.05.10"]
[Round "4"]
[White "Wiege, Andre"]
[Black "Soellig, Martin"]
[Result "0-1"]
[WhiteElo "1893"]
[BlackElo "1988"]
[PlyCount "82"]
[EventDate "2002.05.??"]
[EventType "swiss"]
[EventRounds "7"]
[EventCountry "GER"]
[SourceTitle "EXT 2008"]
[Source "ChessBase"]
[SourceDate "2007.11.25"]
[SourceVersion "1"]
[SourceVersionDate "2007.11.25"]
[SourceQuality "1"]

1. e4 e6 2. d3 d5 3. Nd2 c5 4. g3 Nc6 5. Bg2 d4 6. f4 e5 7. Ngf3 Bd6 8. Nc4 Bg4 9. a4 f6 10. 0-0 exf4 11. gxf4 Qc7 12. Qe1 0-0-0 13. Nxd6+ Qxd6 14. Qg3 Qd7 15. Bd2 g6 16. Rae1 Nge7 17. e5 Bxf3 18. Qxf3 f5 19. Rb1 Nd5 20. Rfe1 Rhe8 21. Re2 Re6 22. Be1 Ne3 23. Bh4 Rf8 24. Bh1 Nb4 25. Rc1 Rf7 26. Rd2 Qxa4 27. c3 Nc6 28. cxd4 cxd4 29. Bf2 Ng4 30. Qd5 Rfe7 31. Bxd4 Rd7 32. Qxe6 Qxd4+ 33. Kf1 Qxf4+ 34. Ke1 Nxh2 35. Bg2 Kd8 36. Qf6+ Kc7 37. e6 Ng4 38. exd7 Nxf6 39. Bxc6 bxc6 40. Rxc6+ Kxd7 41. Rxf6 Qe5+ 0-1